00442 2200169 4500001002100000005001500021008004100036020001800077035001900095041000700114082000800121090001900129100001900148245004300167260003200210300003000242INLIS00000000002446020241224131724241224||||||||| | ||| |||| || |  a979-662-553-6 0010-1224024460 aid0 a330 a330.9598 AGU b0 aAgung Peryanto00aMateri Ekonomi Volume 2 Ketergantungan aKlatenbCempaka Putihc2013 aiv;60 hlm .; 21 x 29,7 cm